| 000 | 00822nam a2200229Ia 4500 | ||
|---|---|---|---|
| 001 | 16599 | ||
| 003 | GE_BSU | ||
| 008 | 181216s||||||||xx |||||||||||||| ||und|| | ||
| 040 | _cGE_BSU | ||
| 080 | _a821.353.1.09 | ||
| 100 | _aმახარაძე, მიხეილ | ||
| 245 | _aგამხელილი ფიქრები | ||
| 245 | _bლიტ. წერილები | ||
| 245 | _cრედ.ა შონია. მხ. რედ. გ.გუჯაბიძე | ||
| 260 | _aბათუმი | ||
| 260 | _bსაბჭ. აჭარა | ||
| 260 | _c1988 | ||
| 300 | _a150 გვ. ; 19 სმ | ||
| 653 | _aგამხელილი ფიქრები | ||
| 653 | _aქართული ლიტერატურის ისტორია და კრიტიკა; | ||
| 942 | _cBK | ||
| 999 |
_c49667 _d49667 |
||